000 00635nam a22002177a 4500
003 ITZ
005 20230328144751.0
008 230328b |||||||| |||| 00| 0 spa d
020 _a978-958-778-269-1
035 _a17350
041 _aspa
050 _aHD53
_bS336 2018
082 _a658.4063
_bS291c 2018
100 1 _aSchnarch Kirberg, Alejandro
245 _aCreatividad e innovación /
_c Alejandro Schnarch Kirberg
250 _a1 ed.
260 _aMéxico:
_bAlfaomega,
_c2018.
300 _a265 p. : il. /
_c23 cm.
650 _a1. APTITUD CREADORA EN LOS NEGOCIOS / 2. NEGOCIOS - INNOVACIÓNES TECNOLÓGICAS
942 _cBK
999 _c28981
_d28981